Creer que se cree
Salvato in:
| Autore principale: | |
|---|---|
| Natura: | Libro |
| Lingua: | spagnolo |
| Pubblicazione: |
Buenos Aires
Paidós
1996
|
| Serie: | Paidós Studio, 121
|
| Soggetti: | |
| Tags: |
Aggiungi Tag
Nessun Tag, puoi essere il primo ad aggiungerne!!
|
MARC
| LEADER | 00000cam a2200000 a 4500 | ||
|---|---|---|---|
| 001 | UCS7942 | ||
| 003 | CL-VaPUC | ||
| 008 | 971024e19960000AG |||||||||||||||||spa|d | ||
| 020 | |a 9501267210 | ||
| 082 | 0 | 4 | |a 121.6 |b VAT |2 21 |
| 100 | 0 | |a Vattimo, Gianni |e author |9 392918 | |
| 245 | 1 | 0 | |a Creer que se cree |
| 300 | |a 127 p | ||
| 942 | |c BK | ||
| 945 | |d 19971024 00:00:00 |a rleighto | ||
| 260 | |a Buenos Aires |b Paidós |c 1996 | ||
| 650 | 0 | |a Epistemología |9 264994 | |
| 650 | 0 | |a Filosofía |9 223554 | |
| 650 | 7 | |a ENCARNACION |2 CL-VaPUC |9 346469 | |
| 650 | 0 | |a Secularización |9 258584 | |
| 650 | 0 | |a Metafísica |9 265649 | |
| 650 | 0 | |a Cristianismo |9 257361 | |
| 583 | |a last modification |c 20160601 09:37:09 |k Rodrigo Vera | ||
| 490 | 0 | |a Paidós Studio, 121 | |
| 999 | |c 262679 |d 262677 | ||
| 952 | |0 0 |1 0 |4 0 |6 121_600000000000000_VAT_1996 |7 0 |8 A |9 291430 |a BIBEDU |b BIBEDU |d 2019-11-19 |i 3353788 |o 121.6 VAT 1996 |p 3353788 |r 2019-11-19 |w 2019-11-19 |y BK |k FIL | ||
| 952 | |0 0 |1 0 |4 0 |6 121_600000000000000_VAT_1996 |7 0 |8 A |9 291431 |a BIBEDU |b BIBEDU |d 2019-11-19 |i 3453294 |o 121.6 VAT 1996 |p 3453294 |r 2019-11-19 |w 2019-11-19 |y BK |k BME | ||
| 952 | |0 0 |1 2 |4 0 |6 121_600000000000000_VAT_1996 |7 0 |8 A |9 291432 |a BIBTEO |b BIBTEO |d 2019-11-19 |i 3451283 |o 121.6 VAT 1996 |p 3451283 |r 2019-11-19 |w 2019-11-19 |y BK |k ICR | ||
| 952 | |0 0 |1 0 |3 erb |4 0 |6 121_600000000000000_VAT_1996 |7 0 |8 A |9 291433 |a FDOHBE |b FDOHBE |e Huesbe Llanos, Marco Antonio, 1934- |i 5332842 |o 121.6 VAT 1996 |p 5332842 |r 2024-01-30 |w 2019-11-19 |y BK |z Catalogado en:20160603 |k HBE | ||